Canadian History Since World War 1 - Statistics

General Stats
  • This quiz has been taken 5 times
  • The average score is 2 of 15
Answer Stats
Hint Answer % Correct
American President Franklin D. Roosevelt
60%
Depression
40%
Causes of the Great Depression Over-Production
20%
PM after Mackenzie King R. B. Bennett
20%
Recession
20%
Credit Buying on Stocks/Margins
0%
Dependence on Staples
0%
Dependence on the US
0%
High Tariffs
0%
CCF Leader James Woodsworth
0%
On-to-Ottawa Trek June 1935
0%
Black Tuesday Date October 29, 1929
0%
Business Cycle Prosperity
0%
Recovery
0%
Social Credit Party William "Bible Bill" Ablehart
0%
No matching quizzes found
Score Distribution
Percent of People with Each Score
Percentile by Number Answered
Your Score History
You have not taken this quiz